000 00510nam a2200169Ia 4500
008 231221s9999 xx 000 0 und d
020 _a9790000000000
041 _aEnglish
082 _a808.83 SHA;1 R
100 _aSharma, Robin S.
245 4 _aThe monk who sold his ferrari: a fable about fulfilling your dreams and reaching your destiny
260 _c2007
_bJaico
_aMumbai
300 _a198
300 _cCD3455
650 _aMonk,sold,his,ferrari,:,fable,fulfilling,dreams,destiny
942 _cBM
999 _c201870
_d201870